04_宮城県の市町村(ひらがな対応・五十音順) - Statistics

General Stats
  • This quiz has been taken 52 times
  • The average score is 29 of 35
Answer Stats
種類 市町村名 % Correct
石巻市
100%
気仙沼市
100%
仙台市
100%
大崎市
96%
白石市
96%
多賀城市
96%
名取市
96%
東松島市
96%
女川町
93%
塩竈市
93%
登米市
93%
南三陸町
93%
栗原市
89%
柴田町
89%
岩沼市
85%
松島町
85%
山元町
85%
角田市
81%
蔵王町
81%
七ヶ宿町
81%
七ヶ浜町
81%
富谷市
81%
亘理町
78%
大衡村
74%
大和町
74%
丸森町
74%
利府町
74%
大河原町
70%
色麻町
70%
村田町
70%
涌谷町
70%
大郷町
67%
加美町
67%
川崎町
63%
美里町
59%
No matching quizzes found
Score Distribution
Percent of People with Each Score
Percentile by Number Answered
Your Score History
You have not taken this quiz